000 00471nam a2200181Ia 4500
005 20250423095630.0
008 250422s9999 xx 000 0 und d
020 _a978- 0- 9715377- 9
050 _aHF 5438 .25 .G34/
100 _aGaffney, Steven
245 0 _aHonesty works : real-world solutions to common problems at work and home
260 _aArlington
260 _bJMG publishing
260 _c2006
300 _a167 p
650 _aBusiness
942 _cBK
999 _c30863
_d30863